000 00390cam a22001575a 4500
001 L141636
008 071207s2006 xxk f 000 0 eng d
020 _a9781845922108
035 _a(Sirsi) u141636
041 0 _aeng
100 1 _aPicarda,H
245 0 0 _aLaw relating to receivers, managers and administrators
260 _bTottel
_c2006
651 4 _aENGLAND AND WALES
942 _n0
999 _c107715
_d107715